De la memoria a la esperanza /

Documento acerca de las violaciones a los derechos humanos cometidas en el estado de Chiapas en México, entre los años 1994 a 2000, durante el sexenio de Ernesto Zedillo. En el mismo se expone el esfuerzo del pueblo chiapaneco por romper la pesada estructura del sistema como parte de la recurrente v...

Whakaahuatanga katoa

I tiakina i:
Ngā taipitopito rārangi puna kōrero
Kaituhi rangatōpū: Centro de Derechos Humanos Fray Bartolomé de las Casas (coordinación)
Hōputu: Pukapuka
Reo:Pāniora
I whakaputaina: San Cristóbal de las Casas, México : Centro de Derechos Humanos Fray Bartolomé de las Casas, 2001
Ngā marau:
Ngā Tūtohu: Tāpirihia he Tūtohu
Kāore He Tūtohu, Me noho koe te mea tuatahi ki te tūtohu i tēnei pūkete!

MARC

LEADER 00000nam^a2200000^a^4500
001 000279958
005 20250521000000.0
009 20260310111451.384
037 |a Acervo ITESO - Biblioteca 
041 |a ESP 
082 |a 323. 0972757  |b CEN 
110 |a Centro de Derechos Humanos Fray Bartolomé de las Casas  |e (coordinación) 
240 1 1 |a [De la memoria a la esperanza] 
245 1 0 |a De la memoria a la esperanza /  |c Coord. de Centro de Derechos Humanos Fray Bartolomé de las Casas. 
264 1 |a San Cristóbal de las Casas, México :  |b Centro de Derechos Humanos Fray Bartolomé de las Casas,  |c 2001 
300 |a 163 p. 
336 |a texto  |b txt  |2 rdacontenido 
337 |a sin mediación  |b n  |2 rdamedio 
338 |a volumen  |b nc  |2 rdasoporte 
520 |a Documento acerca de las violaciones a los derechos humanos cometidas en el estado de Chiapas en México, entre los años 1994 a 2000, durante el sexenio de Ernesto Zedillo. En el mismo se expone el esfuerzo del pueblo chiapaneco por romper la pesada estructura del sistema como parte de la recurrente vejación de los derechos del pueblo. Se incluyen temas como los grupos paramilitares, conflictos agrarios, procuración de la justicia, o los derechos políticos de los indígenas. 
649 |a XX 
650 |a Indígenas de México -  |z Chiapas -  |x Condiciones Políticas 
650 |a Indígenas de México -  |z Chiapas -  |x Condiciones Jurídicas 
650 |a Organizaciones No Gubernamentales -  |z Chiapas 
650 |a Organizaciones No Gubernamentales -  |z México 
650 |a Guerra de Chiapas, 1994 
650 |a Derecho Indígena -  |z México 
650 |a Política Indigenista -  |z México -  |x Historia -  |y 1994-2000 
650 |a Derechos Humanos -  |z Chiapas -  |x Tema Principal 
650 |a Derechos Humanos -  |z México 
650 |a Política -  |z México -  |x Historia -  |y 1994-2000 
650 |a Política -  |z México -  |x Historia -  |y Siglo XX 
910 |a Fondo General 
920 |a Impresos - Libros 
930 |a Colección General 
905 |a 101 
901 |a 0500166708  |b IT1  |c ACC  |u 20250521 
902 |a https://opac.biblio.iteso.mx/vufind/Record/000279958